1752 1623 1003 1680 1469 1205 1918 1405 1598 1744 1521 1072 1957 1653 1842 1274 1593 1350 1963 1167 1980 1782 1047 1926 1910 1784 1365 1212 1143 1138 1278 1579 1310 1467 1960 1704 1007 1836 1672 1700 1430 1012 1340 1116 1089 1469 1668 1239 1978 1250 1341 1876 1438 1403 1472 1691 1587 1697 1928 1411 1068 1384 1930 1714 1330 1845 1918 1020 1431 1466 1526 1807 1861 1041 1317 1806 1334 1122 1814 1170 1801 1816 1735 1075 1259 1070 1699 1900 1380 1349 1393 1082 1344 1991 1040 1302 1175 1560 1954 BCNSPRNW ULIB Ver.6.0+V

เปลี่ยนเป็นภาษาไทย

Change to English
 แสดงรายละเอียดบรรณานุกรม
  กลับหน้าหลัก

Brief Record : Get Marc (ISO 2709) : E-mail record : QR code < ปิดหน้าต่าง
LEADER : 00000nam 2200000uu 4500
001    13399127099
003     ULIB
008    020711s2562 th a 000 0 tha d
020    ^a9786160444502
060    ^aWS103^bS-ต
100    ^aSEUNGHYUN YANG
245    ^aตามหามหาสมบัติ ชุดนิทานวิทยาศาสตร์พัฒนาทักษะสมอง EF (เรียนรู้เรื่องยานพาหนะและการเดินทาง)
250    ^aพิมพ์ครั้งที่ 1
260    ^aกรุงเทพฯ :^bนานมีบุ๊คส์คิดดี้,^c2562
300    ^a27 หน้า;^b21 ซม.
650    ^aเด็ก^xการเรียนการสอน
945    ^p98^l0^i006287
999    ^aประนอม เกษจรัล
รายการนี้ยังไม่มีแท็ก
คุณยังไม่ได้ล็อกอิน คุณสามารถมีกิจกรรมร่วมกับเว็บไซต์ได้ แต่ต้องล็อกอินก่อน ::
  ล็อกอิน

รายการสื่อสารสนเทศ

ลำดับที่ ประเภท เลขเรียก/บาร์โค้ด สถานที่ สถานะ
1. วิทยาศาสตร์การแพทย์ และสุขภาพ
วิทยาศาสตร์การแพทย์ และสุขภาพ
WS103 S-ต ฉ.1 
  Barcode: 006287
ห้องสมุดวิทยาเขตสวรรค์ประชารักษ์
►หนังสือทั่วไป
บนชั้น

รายการใกล้เคียง
    ผู้แต่ง [SEUNGHYUN YANG]

BibComment


ยังไม่เคยถูกคอมเมนท์

คอมเมนท์ทรัพยากรรายการนี้
  คอมเมนท์: ตามหามหาสมบัติ ช..


 Copyright 2026. Bcnsprnw @Library